000 00498nam a2200181Ia 4500
001 8705
003 IN-NITTTR
005 20251114233040.0
008 251113s9999||||xx |||||||||||||| ||eng||
040 _beng
040 _cIN-NITTTR
041 _aeng
082 _a658.314 N213N
100 _aNational Productivity Council (New Delhi).,
245 0 _aNational seminar on productivity, March 25-26, 1972. /
_cNational Productivity Council (New Delhi).
260 _aNew Delhi
942 _2ddc
_cBK
999 _c11342
_d11342